000 00541nam a2200169 i 4500
001 22664
003 ES-MaACL
007 t|
008 021204s1974 sp ||||1| spa d
100 1 _aAlthusser, Louis.
_920538
245 1 0 _aPara una crítica de la práctica teórica /
_crespuesta a John Lewis por Louis Althusser ; [traducción de Santiago Funes].
250 _a[2ª ed.].
260 _aMadrid :
_bSiglo Veintiuno,
_c[1974]
300 _a103 p. ;
_c18 cm.
700 1 _aFunes, Santiago.
_953027
852 _aES-MaACL
_jE-8682
_bR.93000
999 _c22664
_d22664